000
00211 a2200085 4500
082
_a
891.4391 NAQ
100
_a
Naqvi, Qamar
245
_a
Reshae Hina
_c
Qamar Naqvi
260
_a
Lahore :
_b
Tayyab Iqbal Printers,
_c
1994
300
_a
264p. :
_c
26 cm
999
_c
1840
_d
1840